000 00577nam a2200205Ia 4500
008 220204s9999 xx 000 0 und d
020 _a0070620997
082 _a628.1:617.7
_bARC
100 _aArceivala, Soli J
245 0 _aWaste water treatment for pollution control and reuse
250 _aEd.3
260 _aNew Delhi
_bTata McGraw-Hill
_c2007
650 _aPollution control
650 _aSludge management
650 _aSustainable management
650 _aWaste water irrigation
650 _aWaste water reuse
700 _aAsolekar, Shyam R
942 _cBK
999 _c42612
_d42612